|
|
|
|
| LEADER |
01613nam a2200433 a 4500 |
| 001 |
EBC865907 |
| 003 |
MiAaPQ |
| 005 |
20200520144314.0 |
| 006 |
m o d | |
| 007 |
cr cn||||||||| |
| 008 |
081022s2009 nyu sb 001 0 eng |
| 010 |
|
|
|z 2008045880
|
| 015 |
|
|
|a GBA922924
|2 bnb
|
| 016 |
7 |
|
|z 014921053
|2 Uk
|
| 020 |
|
|
|z 9780814776292 (cl : alk. paper)
|
| 020 |
|
|
|z 0814776299 (cl : alk. paper)
|
| 020 |
|
|
|a 9780814776353 (electronic bk.)
|
| 020 |
|
|
|a 0814776353 (electronic bk.)
|
| 035 |
|
|
|a (MiAaPQ)EBC865907
|
| 035 |
|
|
|a (Au-PeEL)EBL865907
|
| 035 |
|
|
|a (CaPaEBR)ebr10294866
|
| 035 |
|
|
|a (OCoLC)779828294
|
| 040 |
|
|
|a MiAaPQ
|c MiAaPQ
|d MiAaPQ
|
| 050 |
|
4 |
|a HF5382.55
|b .R67 2009
|
| 082 |
0 |
4 |
|a 331.6/2
|2 22
|
| 100 |
1 |
|
|a Ross, Andrew,
|d 1956-
|
| 245 |
1 |
0 |
|a Nice work if you can get it
|h [electronic resource] :
|b life and labor in precarious times /
|c Andrew Ross.
|
| 260 |
|
|
|a New York :
|b New York University Press,
|c c2009.
|
| 300 |
|
|
|a viii, 264 p.
|
| 490 |
1 |
|
|a NYU series in social and cultural analysis
|
| 504 |
|
|
|a Includes bibliographical references (p. 219-243) and index.
|
| 533 |
|
|
|a Electronic reproduction. Ann Arbor, MI : ProQuest, 2015. Available via World Wide Web. Access may be limited to ProQuest affiliated libraries.
|
| 650 |
|
0 |
|a Employment in foreign countries.
|
| 650 |
|
0 |
|a Foreign workers.
|
| 650 |
|
0 |
|a Globalization.
|
| 655 |
|
4 |
|a Electronic books.
|
| 710 |
2 |
|
|a ProQuest (Firm)
|
| 830 |
|
0 |
|a NYU series in social and cultural analysis.
|
| 856 |
4 |
0 |
|u https://ebookcentral.proquest.com/lib/matrademy/detail.action?docID=865907
|z Click to View
|